Estructuración del área de recursos humanos en la unión Cooperativa de Servicios Múltiples del Norte R. L, UCOSEMUN, R. L
El estudio presenta una estructuración del área de Recursos Humanos en la unión Cooperativa de Servicios Múltiples del Norte R. L, UCOSEMUN, R. L, con énfasis al análisis interno de la situación actual para determinar la problemática dentro de la organización.
| Main Authors: | , , |
|---|---|
| Other Authors: | |
| Format: | Tesis Section = Libro |
| Language: | Undetermined Spanish |
| Published: |
Managua
UNI
2012
|
| Subjects: |
| LEADER | 01230nam a2200277Ia 4500 | ||
|---|---|---|---|
| 008 | 240830s9999 xx 000 0 und d | ||
| 040 | |a BIBLIOTECA-RUPAP T.Mon 658.3 M843 | ||
| 041 | |a spa | ||
| 082 | |a T.Mon 658.3 M843 | ||
| 100 | 1 | |a Moreno Gutiérrez, Yuti Tatiana | |
| 100 | 1 | |b Tinoco Peralta, Ivette | |
| 100 | 1 | |c Torres Rivera, Luis Miguel | |
| 245 | 1 | 0 | |a Estructuración del área de recursos humanos en la unión Cooperativa de Servicios Múltiples del Norte R. L, UCOSEMUN, R. L |
| 260 | |a Managua |b UNI |c 2012 | ||
| 300 | |a 108 p. :il. | ||
| 500 | |a Contiene: anexos e Incluye: CD. | ||
| 502 | |a Tesis (Ingeniero de Sistemas)- UNI, 2012. | ||
| 520 | 3 | |a El estudio presenta una estructuración del área de Recursos Humanos en la unión Cooperativa de Servicios Múltiples del Norte R. L, UCOSEMUN, R. L, con énfasis al análisis interno de la situación actual para determinar la problemática dentro de la organización. | |
| 650 | 7 | |a ADMINISTRACIÓN DE PERSONAL | |
| 650 | 7 | |b ESTRUCTURA ORGANIZACIONAL | |
| 650 | 7 | |c ANÁLISIS DAFO | |
| 650 | 7 | |d ANÁLISIS Y DESCRIPCION DE PUESTOS DE TRABAJO | |
| 700 | 1 | |a Tutor: |b Moncada Castillo, Ajax Santiago | |
| 942 | |c BK |2 ddc | ||
| 991 | |a TESIS | ||
| 999 | |c 18517 | ||